000 00792nam a22002417a 4500
001 18615642
003 PILC
005 20231108122359.0
008 150523b xxu||||| |||| 00| 0 eng d
010 _a 2015304554
020 _a9780198332671
040 _aDLC
_beng
_erda
_cDLC
042 _apcc
050 _aTR IB LB 2352. Al438 2015
100 _aAllison, Rob
245 1 0 _aIB perspectives on planning english a :
_cseries editors Rob Allison and Brian Chanen.
_blanguage and literature teacher companion
260 _aUnited Kingdom
_bOxford University Press
_c2015
300 _avii, 88 pages ;
_c22 cm.
490 0 _aOxford IB diploma programme
906 _a0
_bibc
_corignew
_d2
_encip
_f20
_gy-gencatlg
942 _2lcc
_cBK
_mLB 2352. Al438 2015
999 _c284330
_d284330